000 00375 a2200157 4500
001 148186
040 _cEscola São Tomás de Aquino
100 _aPENTEADO, Maria Heloisa
240 1 0 _aRabiscou? O bicho pegou!
_lpor
245 1 0 _aRabiscou? O bicho pegou!
300 _a134
362 0 _a2012
440 1 _aÁtica
697 _a*LITERATURA INFANTO JUVENIL
942 _cBK
999 _c148186
_d148186